[Event "Tenerife-chT Tercera"]
[Site "Tenerife"]
[Date "2025.01.18"]
[Round "5.1"]
[White "Posso Cangrejo, Sergio David"]
[Black "De Aguiar Estevez, Juan Carlos"]
[Result "1/2-1/2"]
[WhiteElo "1833"]
[BlackElo "1685"]
[PlyCount "104"]
[EventDate "2024.11.09"]
[EventType "team-tourn"]
[EventRounds "17"]
[EventCountry "ESP"]
[SourceTitle "CB14_2025"]
[SourceDate "2024.11.01"]
[SourceVersion "1"]
[SourceVersionDate "2024.11.01"]
[SourceQuality "1"]
[WhiteTeam "Arona CC"]
[BlackTeam "Centro Icodense"]
[WhiteTeamCountry "ESP"]
[BlackTeamCountry "ESP"]

1. e4 c6 2. d4 d5 3. Nc3 dxe4 4. Nxe4 Nf6 5. Nxf6+ exf6 6. c3 Bd6 7. Bd3 0-0 8. Qc2 g6 9. Ne2 Qc7 10. Be3 Be6 11. h3 c5 12. Qd2 c4 13. Be4 f5 14. Bf3 f6 15. Bf4 Bxf4 16. Qxf4 Qb6 17. 0-0 Nd7 18. Rfe1 Bf7 19. Qd2 Rad8 20. Qc2 Qc7 21. g3 Rfe8 22. Nf4 Nb6 23. a4 a5 24. Re3 Re7 25. Rae1 Rde8 26. d5 Rxe3 27. Rxe3 Rxe3 28. fxe3 Qd7 29. Qd1 g5 30. Ne6 Bxe6 31. dxe6 Qxd1+ 32. Bxd1 Nd5 33. Kf2 Nb6 34. Kf3 Kf8 35. b3 Ke7 36. e4 Kxe6 37. bxc4 Ke5 38. exf5 Nxc4 39. g4 Kd5 40. Be2 Kc5 41. Ke4 Nd6+ 42. Ke3 b5 43. axb5 Nxb5 44. Kd2 a4 45. Kc2 Nd6 46. Bd3 Nf7 47. Be2 Ne5 48. Kb2 Nc4+ 49. Kc2 Ne3+ 50. Kb2 Nd5 51. Bf1 Ne3 52. Be2 Nd5 1/2-1/2